Normal view
MARC view
Entry Personal Name
001 - CONTROL NUMBER
- control field: 23997
003 - CONTROL NUMBER IDENTIFIER
- control field: dpl
005 - DATE AND TIME OF LATEST TRANSACTION
- control field: 20101027145556.0
008 - FIXED-LENGTH DATA ELEMENTS
- fixed length control field: 101027|||a|||||| | ||| d
040 ## - CATALOGING SOURCE
- Original cataloging agency: dpl
- Transcribing agency: dpl
100 ## - HEADING--PERSONAL NAME
- Personal name: बेड़ेकर, विश्राम
670 ## - SOURCE DATA FOUND
- Source citation: Work cat.: (dpl): बेड़ेकर, विश्राम, एक पेड़ः दो पक्षी /, 1996
670 ## - SOURCE DATA FOUND
- Source citation: Work cat.: (dpl): बेड़ेकर, विश्राम, एक पेड़ः दो पक्षी /, 1996
